Sint Maarten Trivia Quiz - Statistieken

Algemene statistieken
  • Deze quiz is 263 keer genomen
  • De gemiddelde score is 8 van 20
Antwoordstatistieken
Hint Antwoord % Correct
Officiële talen Nederlands
90%
Dichtstbijzijnde Nederlandse eilanden Saba
81%
Officiële talen Engels
79%
Aangrenzend Frans overzees gebied Saint Martin
72%
Dichtstbijzijnde Nederlandse eilanden Sint Eustatius
70%
Dichtstbijzijnde landen Saint Kitts en Nevis
65%
Dichtstbijzijnde landen Antigua en Barbuda
62%
Hoofdstad Philipsburg
42%
Dichtstbijzijnde overzeese gebieden na bovenstaand gebied Anguilla
40%
Luchthaven waar vliegtuigen erg laag over een strand vliegen om te landen {Princess} {Juliana} International Airport
34%
Dichtstbijzijnde overzeese gebieden na bovenstaand gebied Saint Barthélemy
32%
Dichtstbijzijnde overzeese gebieden na bovenstaand gebied Britse Maagdeneilanden
29%
Orkaan die in 2017 een groot deel van het eiland verwoestte Irma
27%
Naam van bovenstaand strand {Maho} beach
23%
Grootste plaatsen op Sint Maarten Cul de Sac
17%
Vroeger werd deze stof veel gewonnen op Sint Maarten Zout
17%
Grootste plaatsen op Sint Maarten Little Bay / Fort Amsterdam
16%
Grootste plaatsen op Sint Maarten Cole Bay
15%
Grootste plaatsen op Sint Maarten Lower Prince's Quarter
15%
Grootste plaatsen op Sint Maarten Upper Prince's Quarter
15%
Geen overeenkomende quizzen gevonden
Scoreverdeling
Procent van Mensen met Elke Score
Percentiel versus Aantal Correcte Antwoorden
Uw Scoregeschiedenis
U heeft deze quiz nog niet genomen